| 000 | 01272cam a2200337 i 4500 | ||
|---|---|---|---|
| 001 | 17895146 | ||
| 003 | NUST | ||
| 005 | 20221216124833.0 | ||
| 008 | 130923s2014 mau b 001 0 eng | ||
| 010 | _a 2013036024 | ||
| 020 | _a9780674430006 (alk. paper) | ||
| 040 |
_aDLC _beng _cDLC _erda _dDLC |
||
| 041 | 1 |
_aeng _hfre |
|
| 042 | _apcc | ||
| 050 | 0 | 0 |
_aHB501 _b.P43613 2014 |
| 082 | 0 | 0 |
_a332.041,PIK _223 |
| 100 | 1 |
_aPiketty, Thomas, _d1971- _9105072 |
|
| 245 | 1 | 0 |
_aCapital in the twenty-first century / _cThomas Piketty ; translated by Arthur Goldhammer. |
| 264 | 1 |
_aCambridge Massachusetts : _bThe Belknap Press of Harvard University Press, _c2014. |
|
| 300 |
_aviii, 685 pages ; _c25 cm |
||
| 336 |
_atext _2rdacontent |
||
| 337 |
_aunmediated _2rdamedia |
||
| 338 |
_avolume _2rdacarrier |
||
| 505 | 0 | _aPart-1: Income and Capital (Page-39), Part-2: The Dynamics of the Capital / Income Ratio (Page-113), Part-3: The Structure of Inequality (Page-237), Part-4: Relating Capital in the Twenty-First Century (Page-471). | |
| 650 | 0 |
_aCapital. _9105073 |
|
| 650 | 0 |
_aIncome distribution. _9105074 |
|
| 650 | 0 |
_aWealth. _993733 |
|
| 650 | 0 |
_aLabor economics. _935813 |
|
| 700 | 1 |
_aGoldhammer, Arthur, _etranslator. _9105075 |
|
| 942 |
_2ddc _cBK _k332.041,PIK |
||
| 999 |
_c592713 _d592713 |
||